Research methodology / (Record no. 101779)

MARC details
000 -LEADER
fixed length control field 00958nam a22002417a 4500
005 - DATE AND TIME OF LATEST TRANSACTION
control field 20170511143716.0
010 ## - LCCN (DPL NO)
LC control number 1617EN
020 ## - INTERNATIONAL STANDARD BOOK NUMBER
International Standard Book Number 9788120349469
Terms of availability 395.00
035 ## - SYSTEM CONTROL NUMBER
System control number B-653622-626
035 ## - SYSTEM CONTROL NUMBER
System control number B-665168
037 ## - SOURCE OF ACQUISITION
Source of stock number/acquisition ABC
Stock number dpl
082 ## - DEWEY DECIMAL CLASSIFICATION NUMBER
Classification number 001.42
100 ## - MAIN ENTRY--PERSONAL NAME
Personal name Panneerselvam, R.
245 ## - TITLE STATEMENT
Title Research methodology /
Statement of responsibility, etc by R. Panneerselvam
250 ## - EDITION STATEMENT
Edition statement 2nd ed
260 ## - PUBLICATION, DISTRIBUTION, ETC. (IMPRINT)
Place of publication, distribution, etc Delhi
Name of publisher, distributor, etc PHI Learning
Date of publication, distribution, etc 2016
270 ## - ADDRESS
Address Rimjhim House, 111, Patparganj Industrial Estate
City Delhi
Postal code 110092
300 ## - PHYSICAL DESCRIPTION
Extent xvi,699p. :
Dimensions 24cm(pbk)
Other physical details ill.
500 ## - GENERAL NOTE
General note Includes index
942 ## - ADDED ENTRY ELEMENTS (KOHA)
Source of classification or shelving scheme Dewey Decimal Classification
Item type English Books
Call number suffix PAN
Classification part 001.42
Holdings
Withdrawn status Lost status Not for loan Collection code Home library Current library Date acquired Source of acquisition Cost, normal purchase price Full call number Barcode Copy number Cost, replacement price Koha item type
      Non-fiction Ashok Vihar Ashok Vihar 11/05/2017 BPPD/EN/2016-17/AV/16-17/452/15.2.2017/5058/28.2.2017/ 7.3.2017 395.00 001.42 PAN B-665168 1 395.00 English Books
      Non-fiction Central Library Central Library 20/02/2017 BPPD/EN/2016-17/286/24.11.2016/4984/28.11.2016/4.1.2017 395.00 001.42 PAN B-653622 1 395.00 English Books
      Non-fiction Janak Puri Janak Puri 20/02/2017 BPPD/EN/2016-17/286/24.11.2016/4984/28.11.2016/4.1.2017 395.00 001.42 PAN B-653625 1 395.00 English Books
      Non-fiction New Police Line New Police Line 20/02/2017 BPPD/EN/2016-17/286/24.11.2016/4984/28.11.2016/4.1.2017 395.00 001.42 PAN B-653623 1 395.00 English Books
      Non-fiction Patel Nagar Patel Nagar 20/02/2017 BPPD/EN/2016-17/286/24.11.2016/4984/28.11.2016/4.1.2017 395.00 001.42 PAN B-653624 1 395.00 English Books
      Non-fiction Sarojini Nagar Sarojini Nagar 20/02/2017 BPPD/EN/2016-17/286/24.11.2016/4984/28.11.2016/4.1.2017 395.00 001.42 PAN B-653626 1 395.00 English Books

© Delhi Public Library
Hit Counter
free hit counter